[Event "4NCL/Div4/OXF2 vs. CAMB"]
[Site "West Bromwich ENG"]
[Date "2003.11.22"]
[Round "1.1"]
[White "Gunlycke, Daniel"]
[Black "Alfred, Nathan S W"]
[Result "1/2-1/2"]
[WhiteElo "1976"]
[BlackElo "2356"]
[PlyCount "139"]
[EventDate "2003.11.22"]

1. e4 e6 2. d4 d5 3. Nd2 Nf6 4. e5 Nfd7 5. Bd3 c5 6. c3 Nc6 7. Ne2 cxd4 8. cxd4
f6 9. exf6 Nxf6 10. Nf3 Bd6 11. O-O O-O 12. Bf4 Bxf4 13. Nxf4 Ne4 14. Ne2 Rxf3
15. gxf3 Ng5 16. Kh1 Qf6 17. f4 Nf3 18. Ng1 Nfxd4 19. Qh5 g6 20. Qg5 Kg7 21.
Qxf6+ Kxf6 22. Rac1 Bd7 23. Kg2 Rf8 24. Ne2 Nxe2 25. Bxe2 Ke7 26. Kg3 Kd6 27.
Rfd1 Ne7 28. Bd3 Ng8 29. Be2 Ne7 30. Bd3 Ng8 31. Be4 Bc6 32. h4 Ke7 33. Bf3 Nf6
34. Rd4 Ne8 35. Be2 Ng7 36. Bg4 h5 37. Bh3 Kd6 38. Rd2 Ne8 39. Bf1 Ng7 40. Bd3
Nf5+ 41. Bxf5 Rxf5 42. Re1 Bd7 43. Re3 Rf8 44. Rc2 Bc6 45. Re5 a6 46. Rg5 Rf6
47. b4 Bd7 48. Rc1 Bc6 49. Rc3 Bd7 50. Rc2 Bc6 51. Rc1 Bd7 52. Kf3 Bc6 53. Rd1
Ba4 54. Rdg1 Bc6 55. Rd1 Ba4 56. Rd2 Bc6 57. Ke3 Ba4 58. Rd4 Bc6 59. Kd2 Be8
60. Kc3 Bb5 61. Kb2 Ba4 62. Ka3 Bb5 63. Kb3 Bc4+ 64. Kb2 Bb5 65. Kc3 Ba4 66.
Kd2 Bb5 67. Ke3 Ba4 68. Rd2 Bc6 69. Rg3 Ba4 70. Rg5 1/2-1/2

[Event "4NCL/Div4/OXF2 vs. CAMB"]
[Site "West Bromwich ENG"]
[Date "2003.11.22"]
[Round "1.2"]
[White "Moskovic, David M"]
[Black "Burt, Will"]
[Result "1-0"]
[WhiteElo "2274"]
[BlackElo "1928"]
[PlyCount "112"]
[EventDate "2003.11.22"]

1. e4 e5 2. Nf3 Nc6 3. Bb5 a6 4. Ba4 Nf6 5. O-O Nxe4 6. d4 exd4 7. Re1 d5 8.
Nxd4 Bd6 9. Nxc6 Bxh2+ 10. Kh1 Qh4 11. Rxe4+ dxe4 12. Qd8+ Qxd8 13. Nxd8+ Kxd8
14. Kxh2 Be6 15. Nc3 c5 16. Nxe4 b5 17. Bg5+ Kc7 18. Nxc5 bxa4 19. Nxa4 Kc6 20.
b3 f6 21. Be3 Rad8 22. Nc5 Bc8 23. c4 Rhe8 24. b4 Bb7 25. a4 Kc7 26. a5 Kb8 27.
b5 Ka8 28. Rb1 Rc8 29. Nd7 Rcd8 30. Nc5 Rc8 31. bxa6 Bxg2 32. Nd7 Be4 33. Nb6+
Kb8 34. a7+ Kb7 35. a6+ Kxa6 36. Nxc8 Rxc8 37. Rb6+ Ka5 38. c5 Ra8 39. Bd2+ Ka4
40. Rb4+ Ka3 41. Rxe4 Rxa7 42. c6 Rc7 43. Re6 Ka4 44. Bf4 Rc8 45. c7 Kb5 46.
Kh1 h5 47. Bh2 h4 48. Re1 Kc6 49. Rc1+ Kd7 50. Rd1+ Ke8 51. Kg2 g5 52. Rd5 Ke7
53. Kf3 Ke8 54. Kg4 Ke7 55. Kf5 Ra8 56. Rb5 Rc8 1-0

[Event "4NCL/Div4/OXF2 vs. CAMB"]
[Site "West Bromwich ENG"]
[Date "2003.11.22"]
[Round "1.3"]
[White "Bruce, Dave"]
[Black "Mutton, Jonathan B"]
[Result "0-1"]
[WhiteElo "1920"]
[BlackElo "2186"]
[PlyCount "78"]
[EventDate "2003.11.22"]

1. e4 c5 2. Nf3 d6 3. d4 cxd4 4. Nxd4 Nf6 5. Nc3 a6 6. Bg5 e6 7. f4 Be7 8. Qf3
Qc7 9. O-O-O Nbd7 10. Bd3 b5 11. Rhe1 Bb7 12. Qg3 b4 13. Nd5 exd5 14. exd5 Kd8
15. Qe3 Nb6 16. Nf5 Nbxd5 17. Qe2 Bc8 18. Nxe7 Nxe7 19. Bxf6 gxf6 20. Qh5 Be6
21. Kb1 f5 22. g4 Qc5 23. gxf5 Nxf5 24. Qg5+ Kd7 25. Re5 dxe5 26. Bxf5+ Kc7 27.
Bxe6 fxe6 28. fxe5 Rhd8 29. Rc1 Rd7 30. c3 b3 31. axb3 Rad8 32. b4 Qf2 33. Ka1
Qf5 34. Qg1 Qe4 35. c4 Qd4 36. Qh1 Qxe5 37. b5 Qc5 38. bxa6 Qa5+ 39. Kb1 Qf5+
0-1

[Event "4NCL/Div4/OXF2 vs. CAMB"]
[Site "West Bromwich ENG"]
[Date "2003.11.22"]
[Round "1.4"]
[White "Garner, David"]
[Black "Webster, Ian"]
[Result "1/2-1/2"]
[WhiteElo "2168"]
[BlackElo "1856"]
[PlyCount "82"]
[EventDate "2003.11.22"]

1. e4 e6 2. d4 d5 3. Nd2 Nf6 4. e5 Nfd7 5. Bd3 c5 6. c3 Nc6 7. Ne2 cxd4 8. cxd4
Qb6 9. Nf3 f6 10. exf6 Nxf6 11. O-O Bd6 12. a3 O-O 13. Nc3 Bd7 14. Be3 Be8 15.
Qd2 Bh5 16. Ne5 Ng4 17. Nxg4 Bxg4 18. h3 Bf5 19. Rae1 Ne7 20. Re2 Rf7 21. Rfe1
Raf8 22. b4 Bb8 23. Bxf5 Nxf5 24. g3 Nd6 25. Na4 Qc6 26. Nc5 b6 27. Nd3 Ne4 28.
Qc2 Qd7 29. Bf4 e5 30. Bxe5 Qxh3 31. Bxb8 Rxb8 32. Qc6 Rd8 33. Nf4 Rxf4 34.
gxf4 Qg4+ 35. Kh1 Kf7 36. Rxe4 dxe4 37. Qb7+ Rd7 38. Qxe4 Qh3+ 39. Kg1 Qg4+ 40.
Kf1 Qh3+ 41. Kg1 Qg4+ 1/2-1/2

[Event "4NCL/Div4/OXF2 vs. CAMB"]
[Site "West Bromwich ENG"]
[Date "2003.11.22"]
[Round "1.5"]
[White "Duggan, Chris"]
[Black "Klein, Bernhard M"]
[Result "1-0"]
[WhiteElo "1848"]
[BlackElo "2096"]
[PlyCount "49"]
[EventDate "2003.11.22"]

1. e4 e5 2. Nf3 Nc6 3. Bb5 a6 4. Ba4 Nf6 5. d3 d6 6. c3 Bg4 7. h3 Bh5 8. Nbd2
b5 9. Bb3 d5 10. Qe2 d4 11. Nf1 Bxf3 12. Qxf3 Na5 13. Bg5 Be7 14. Ng3 Nxb3 15.
axb3 h6 16. Bxf6 Bxf6 17. Nh5 c5 18. O-O Rg8 19. Qf5 Qe7 20. Rxa6 Rxa6 21. Qc8+
Qd8 22. Qxa6 Qd7 23. Nxf6+ gxf6 24. Qxf6 dxc3 25. Ra1 1-0

[Event "4NCL/Div4/OXF2 vs. CAMB"]
[Site "West Bromwich ENG"]
[Date "2003.11.22"]
[Round "1.6"]
[White "Jones, Richard M"]
[Black "Ludbrook, Matt"]
[Result "1/2-1/2"]
[WhiteElo "2063"]
[BlackElo "1816"]
[PlyCount "63"]
[EventDate "2003.11.22"]

1. e4 e6 2. d4 d5 3. Nd2 Nf6 4. e5 Nfd7 5. Bd3 c5 6. Ne2 cxd4 7. Nf3 Nc6 8. Bf4
Qc7 9. Nexd4 Ncxe5 10. Nxe5 Nxe5 11. Bb5+ Kd8 12. O-O Bd6 13. Re1 a6 14. Bxa6
Nf3+ 15. Qxf3 Bxf4 16. Bd3 Bxh2+ 17. Kh1 Qf4 18. Qh3 Qxd4 19. Qxh2 Qxb2 20.
Qd6+ Bd7 21. Rab1 Qc3 22. Rxb7 Qc6 23. Qxc6 Bxc6 24. Rxf7 Bd7 25. Rb1 Kc8 26.
Rxg7 Rxa2 27. Kh2 h5 28. Kg3 h4+ 29. Kh2 Rh6 30. Rg8+ Kc7 31. Rgb8 Ra7 32. Rg8
1/2-1/2

[Event "4NCL/Div4/PPA2 vs. NLIB2"]
[Site "West Bromwich ENG"]
[Date "2003.11.22"]
[Round "1.1"]
[White "Winfridsson, Håkan"]
[Black "Arnold, Chris"]
[Result "1-0"]
[WhiteElo "2175"]
[BlackElo "1831"]
[PlyCount "115"]
[EventDate "2003.11.22"]

1. e4 c5 2. Nf3 Nc6 3. d4 cxd4 4. Nxd4 Nf6 5. Nc3 e5 6. Ndb5 d6 7. Bg5 a6 8.
Na3 b5 9. Bxf6 gxf6 10. Nd5 Bg7 11. c3 Ne7 12. Ne3 f5 13. exf5 Bxf5 14. Nxf5
Nxf5 15. Nc2 Qg5 16. g3 Rd8 17. a4 O-O 18. axb5 axb5 19. Qd2 Qf6 20. Bxb5 d5
21. O-O d4 22. cxd4 Nxd4 23. Nxd4 Rxd4 24. Qe2 Rfd8 25. Rfd1 Rxd1+ 26. Rxd1
Rxd1+ 27. Qxd1 e4 28. b3 Qd4 29. Qe2 Bh6 30. Qg4+ Bg7 31. Bc4 Qa1+ 32. Kg2 Qa8
33. Kh3 Qc6 34. Qf5 Qh6+ 35. Kg2 Qg6 36. Qxg6 hxg6 37. Bd5 Bc3 38. Bxe4 f5 39.
Bd3 Kf7 40. f4 Kf6 41. Kf3 g5 42. fxg5+ Kxg5 43. h3 Bd2 44. Bc4 Bb4 45. g4 Kf6
46. Bd3 fxg4+ 47. hxg4 Ke5 48. g5 Bf8 49. Kg4 Ke6 50. Bc4+ Ke5 51. Kh5 Kf5 52.
Bd3+ Ke6 53. Kg6 Be7 54. Kh6 Bf8+ 55. Kh7 Kf7 56. Bc4+ Ke7 57. g6 Kf6 58. b4
1-0

[Event "4NCL/Div4/PPA2 vs. NLIB2"]
[Site "West Bromwich ENG"]
[Date "2003.11.22"]
[Round "1.2"]
[White "St.Clair, Allan"]
[Black "Dignam, Matthew"]
[Result "0-1"]
[WhiteElo "1874"]
[BlackElo "2167"]
[PlyCount "76"]
[EventDate "2003.11.22"]

1. d4 b6 2. Nf3 Bb7 3. Bf4 Nf6 4. e3 e6 5. Bd3 Be7 6. c3 O-O 7. Qc2 c5 8. Nbd2
d5 9. Ne5 Nc6 10. O-O Rc8 11. dxc5 bxc5 12. Nxc6 Bxc6 13. c4 dxc4 14. Bxc4 Nd5
15. Be5 Bf6 16. Bxf6 Qxf6 17. a3 Rfd8 18. Rac1 Nb6 19. Bd3 h6 20. Be4 Rxd2 21.
Qxd2 Bxe4 22. Qa5 Qg5 23. g3 Bf3 24. h3 Qf5 25. Kh2 Be2 26. Qxa7 Bxf1 27. Rxf1
Nd5 28. Qb7 Rf8 29. Qb3 c4 30. Qxc4 Qf3 31. a4 Rd8 32. Qd3 Rb8 33. Qd2 Nf6 34.
b4 Ne4 35. Qe1 Rc8 36. a5 Rc2 37. Kg1 Nxg3 38. Qd1 Qh1# 0-1

[Event "4NCL/Div4/PPA2 vs. NLIB2"]
[Site "West Bromwich ENG"]
[Date "2003.11.22"]
[Round "1.3"]
[White "Rosen, Daniel B"]
[Black "Harley-Yeo, Gareth"]
[Result "1/2-1/2"]
[WhiteElo "2144"]
[BlackElo "1749"]
[PlyCount "78"]
[EventDate "2003.11.22"]

1. e4 c6 2. d4 d5 3. exd5 cxd5 4. c4 e6 5. Nf3 Nf6 6. c5 Nc6 7. Bb5 g6 8. O-O
Bg7 9. Ne5 Bd7 10. Bxc6 Bxc6 11. Bg5 Qc7 12. Nc3 O-O 13. Qc1 Ne4 14. Bh6 Nxc3
15. bxc3 f6 16. Bxg7 Kxg7 17. Ng4 g5 18. f4 h5 19. fxg5 hxg4 20. gxf6+ Rxf6 21.
Rxf6 Kxf6 22. Qh6+ Ke7 23. Qg5+ Kd7 24. Rf1 Qd8 25. Qg7+ Kc8 26. Rf8 Be8 27.
Qxg4 Qe7 28. Rg8 Kd7 29. Rg7 Bf7 30. Qf4 Rf8 31. g4 Kc6 32. g5 Qe8 33. g6 Bxg6
34. Qd6+ Kb5 35. Rxb7+ Kc4 36. Rb3 Qc8 37. c6 Bc2 38. Rb4+ Kd3 39. Qg3+ Kd2
1/2-1/2

[Event "4NCL/Div4/NOTT vs. OXF1"]
[Site "West Bromwich ENG"]
[Date "2003.11.22"]
[Round "1.1"]
[White "Barnes, Michael H"]
[Black "Savage, Ben D"]
[Result "1/2-1/2"]
[WhiteElo "2262"]
[BlackElo "2208"]
[PlyCount "45"]
[EventDate "2003.11.22"]

1. c4 Nf6 2. g3 c6 3. Bg2 d5 4. Nf3 Bf5 5. O-O Nbd7 6. b3 e6 7. Bb2 b5 8. d3
Qb6 9. Nh4 Bg6 10. Nxg6 hxg6 11. Nd2 Bd6 12. e4 dxe4 13. Nxe4 Nxe4 14. dxe4 Be5
15. Bxe5 Nxe5 16. Qd6 Qb8 17. Qxb8+ Rxb8 18. cxb5 cxb5 19. Rac1 O-O 20. Rc7 a6
21. Ra7 Ra8 22. Rxa8 Rxa8 23. Rd1 1/2-1/2

[Event "4NCL/Div4/NOTT vs. OXF1"]
[Site "West Bromwich ENG"]
[Date "2003.11.22"]
[Round "1.2"]
[White "Ozeren, Kemal"]
[Black "Mercs, Peter J"]
[Result "1-0"]
[WhiteElo "2226"]
[BlackElo "2121"]
[PlyCount "83"]
[EventDate "2003.11.22"]

1. d4 Nf6 2. Nf3 e6 3. e3 b6 4. Bd3 Bb7 5. O-O Be7 6. c4 c5 7. Nc3 d6 8. d5 e5
9. Qc2 O-O 10. b3 g6 11. Ne1 Nh5 12. f4 f5 13. Be2 Nf6 14. e4 Nxe4 15. Nxe4
fxe4 16. fxe5 Rxf1+ 17. Bxf1 dxe5 18. Qxe4 Nd7 19. Bb2 Bd6 20. Nf3 Qe7 21. g3
Nf6 22. Qh4 Re8 23. Bh3 Nd7 24. Ng5 Nf8 25. Rf1 Qc7 26. Rf7 Re7 27. Be6 Rxf7
28. Bxf7+ Kg7 29. Be6 Qe7 30. Qf4 Qf6 31. Qe3 Nxe6 32. Nxe6+ Kg8 33. Ng5 Bb8
34. Nf3 Qf5 35. Bxe5 Bxe5 36. Qxe5 Qxf3 37. Qb8+ Kg7 38. Qxb7+ Kh6 39. Qe7 Qd1+
40. Kf2 Qc2+ 41. Kf3 g5 42. Qf6+ 1-0

[Event "4NCL/Div4/NOTT vs. OXF1"]
[Site "West Bromwich ENG"]
[Date "2003.11.22"]
[Round "1.3"]
[White "Greenidge, Kevin"]
[Black "Coleman, James"]
[Result "0-1"]
[WhiteElo "2035"]
[BlackElo "2193"]
[PlyCount "140"]
[EventDate "2003.11.22"]

1. e4 e5 2. Nf3 Nc6 3. Bc4 Nf6 4. Ng5 d5 5. exd5 Na5 6. Qe2 Nxc4 7. Qxc4 Qxd5
8. Qxd5 Nxd5 9. O-O Be7 10. d3 O-O 11. Re1 f6 12. Ne4 b6 13. a3 Bb7 14. Nbc3
Nxc3 15. Nxc3 Kf7 16. Bd2 Rfe8 17. Rad1 a6 18. Ne4 g5 19. Bc3 c5 20. Re2 Rad8
21. Rde1 h5 22. Nd2 Bd6 23. Nc4 Bc7 24. a4 b5 25. axb5 axb5 26. Na5 Bd5 27. Bd2
Ra8 28. Nb3 Bxb3 29. cxb3 Ba5 30. b4 Bxb4 31. Bxb4 cxb4 32. Re4 Red8 33. Rxb4
Rxd3 34. Rxb5 Rd2 35. g3 Rc8 36. Re3 Rcc2 37. Rb7+ Kg6 38. Rc3 Rxb2 39. Rxb2
Rxb2 40. Rc4 g4 41. h3 gxh3 42. Rh4 Kg5 43. Rxh3 Rb4 44. Kg2 f5 45. Rh1 Rg4 46.
Re1 Kf6 47. f3 Ra4 48. Re2 h4 49. gxh4 Rxh4 50. Kg3 Ra4 51. Kg2 Ra3 52. Kf2 Kg5
53. Rc2 Kf4 54. Rc4+ e4 55. fxe4 fxe4 56. Rc2 Rh3 57. Kg2 Rg3+ 58. Kh2 Rg8 59.
Rf2+ Ke3 60. Rf7 Ke2 61. Rd7 e3 62. Rd6 Ke1 63. Rd7 e2 64. Rd6 Rg5 65. Rd7 Kf2
66. Rf7+ Ke3 67. Re7+ Kf3 68. Re8 Rg4 69. Rf8+ Ke3 70. Rf1 Rh4+ 0-1

[Event "4NCL/Div4/NOTT vs. OXF1"]
[Site "West Bromwich ENG"]
[Date "2003.11.22"]
[Round "1.4"]
[White "Smallbone, Kieran"]
[Black "Webster, Richard J"]
[Result "1-0"]
[WhiteElo "2147"]
[BlackElo "2031"]
[PlyCount "45"]
[EventDate "2003.11.22"]

1. e4 e6 2. d4 d5 3. Nc3 Bb4 4. e5 c5 5. a3 Bxc3+ 6. bxc3 Qc7 7. Qg4 Ne7 8.
Qxg7 Rg8 9. Qxh7 cxd4 10. Ne2 Nbc6 11. h4 Bd7 12. f4 dxc3 13. Qd3 Rc8 14. h5
Nxe5 15. fxe5 Qxe5 16. h6 Rc4 17. h7 Rh8 18. Qg3 Qf6 19. Qg5 Qf5 20. Qxf5 Nxf5
21. Bg5 Ng7 22. Bf6 Kf8 23. Ng3 1-0

[Event "4NCL/Div4/NOTT vs. OXF1"]
[Site "West Bromwich ENG"]
[Date "2003.11.22"]
[Round "1.5"]
[White "Greenidge, Nathali"]
[Black "Rawlinson, Aidan"]
[Result "1/2-1/2"]
[WhiteElo "2026"]
[BlackElo "2056"]
[PlyCount "118"]
[EventDate "2003.11.22"]

1. e4 e5 2. Nf3 Nf6 3. Nxe5 d6 4. Nf3 Nxe4 5. d3 Nf6 6. Nc3 Be7 7. Be2 O-O 8.
O-O d5 9. d4 c6 10. Bf4 Bf5 11. Ne5 Bd6 12. Bd3 Bxd3 13. Qxd3 Qc7 14. Bg3 Nh5
15. Rfe1 Nxg3 16. hxg3 Nd7 17. Nxd7 Qxd7 18. Re2 Rfe8 19. Rae1 g6 20. Qf3 Kg7
21. Nd1 Rxe2 22. Qxe2 f6 23. Ne3 Kf7 24. Ng4 h5 25. Nh2 Re8 26. Qxe8+ Qxe8 27.
Rxe8 Kxe8 28. Nf3 Kf7 29. Kf1 Ke6 30. Ke2 g5 31. Nd2 f5 32. Nb3 b6 33. Kf3 Bf8
34. Nc1 Bg7 35. c3 c5 36. dxc5 bxc5 37. Nd3 Kd6 38. Ke2 d4 39. c4 Bf8 40. b3
Ke6 41. Kf3 Bd6 42. Ke2 a5 43. Kf3 g4+ 44. Ke2 f4 45. gxf4 h4 46. f3 g3 47. Kf1
Kf5 48. Ke2 Bxf4 49. Ne1 Be3 50. Kf1 Ke5 51. Nd3+ Kd6 52. a4 Kc6 53. Ne5+ Kc7
54. Nd3 Kd6 55. Ne1 d3 56. Nxd3 Ke6 57. Ne1 Ke5 58. Ke2 Bg1 59. Kf1 Be3 1/2-1/2

[Event "4NCL/Div4/NOTT vs. OXF1"]
[Site "West Bromwich ENG"]
[Date "2003.11.22"]
[Round "1.6"]
[White "Starkie, Ray"]
[Black "Truman, Richard G"]
[Result "1/2-1/2"]
[WhiteElo "1976"]
[BlackElo "1938"]
[PlyCount "89"]
[EventDate "2003.11.22"]

1. Nc3 c5 2. Nf3 e6 3. d4 cxd4 4. Nxd4 Nc6 5. g3 Nf6 6. Bg2 Bc5 7. Nb3 Be7 8.
O-O O-O 9. e4 d6 10. Qe2 a6 11. Be3 Qc7 12. a4 b6 13. h3 Rb8 14. f4 Na5 15. Nd2
Bb7 16. g4 Rfe8 17. f5 exf5 18. Rxf5 g6 19. Rf2 Nd7 20. Raf1 Ne5 21. g5 Nac4
22. Nxc4 Qxc4 23. Qxc4 Nxc4 24. Bd4 Bxg5 25. Rxf7 Be3+ 26. Bxe3 Nxe3 27. R1f6
Nxg2 28. Kxg2 Bxe4+ 29. Nxe4 Rxe4 30. Rd7 Rc8 31. c3 Re2+ 32. Rf2 Rce8 33. Rxd6
R8e6 34. Rd2 R2e4 35. Rd7 Rxa4 36. Rff7 Ra2 37. Rxh7 Rxb2+ 38. Kg3 Rbe2 39.
Rdg7+ Kf8 40. Ra7 R2e3+ 41. Kf2 Re2+ 42. Kf1 Re1+ 43. Kf2 R1e2+ 44. Kf1 Re1+
45. Kf2 1/2-1/2

[Event "4NCL/Div4/HKF2 vs. AD3"]
[Site "West Bromwich ENG"]
[Date "2003.11.22"]
[Round "1.1"]
[White "Ogunshola, Ben"]
[Black "Pohribnyj, Chris"]
[Result "1-0"]
[WhiteElo "2158"]
[BlackElo "1592"]
[PlyCount "43"]
[EventDate "2003.11.22"]

1. c4 Nf6 2. Nf3 g6 3. g3 Bg7 4. Bg2 d6 5. O-O O-O 6. Nc3 e5 7. Rb1 c6 8. d3
Nbd7 9. b4 d5 10. b5 d4 11. bxc6 bxc6 12. Na4 Qc7 13. Ba3 Re8 14. Qc2 Ba6 15.
Nc5 Nxc5 16. Bxc5 Nd7 17. Bb4 Rab8 18. Qa4 c5 19. Ba3 Qd6 20. Ng5 Bf8 21. Bd5
Re7 22. Ne4 1-0

[Event "4NCL/Div4/HKF2 vs. AD3"]
[Site "West Bromwich ENG"]
[Date "2003.11.22"]
[Round "1.2"]
[White "Graham, Louis"]
[Black "Dupré, Paul D"]
[Result "0-1"]
[WhiteElo "1560"]
[BlackElo "2053"]
[PlyCount "98"]
[EventDate "2003.11.22"]

1. d4 Nf6 2. Nf3 g6 3. Bf4 d6 4. e3 Bg7 5. c4 O-O 6. Nc3 Nbd7 7. Be2 c5 8. Rc1
Re8 9. O-O b6 10. a3 a6 11. b4 Ra7 12. h3 h6 13. Qc2 Nf8 14. dxc5 bxc5 15. Rfd1
Ne6 16. Bh2 Rd7 17. b5 Qa5 18. a4 Ra7 19. Nd2 Nd7 20. Nb3 Qb4 21. Nd5 Qxa4 22.
Ra1 Bxa1 23. Rxa1 axb5 24. Rxa4 bxa4 25. Na1 Bb7 26. Bd3 Ndf8 27. Nc3 Rb8 28.
Nb5 Ra6 29. f4 Nd8 30. Be4 a3 31. Bxb7 Rxb7 32. g4 Nc6 33. Bg3 d5 34. Be1 d4
35. Bd2 Rd7 36. Kf2 a2 37. e4 d3 38. Qc3 Nb4 39. Bc1 Nc2 40. Nxc2 dxc2 41. Bb2
f6 42. Na3 Rd3 43. Qxd3 c1=Q 44. Bxc1 a1=Q 45. Qe3 g5 46. fxg5 fxg5 47. Kg3
Qe5+ 48. Kg2 Ng6 49. Qd3 Rd6 0-1

[Event "4NCL/Div4/HKF2 vs. AD3"]
[Site "West Bromwich ENG"]
[Date "2003.11.22"]
[Round "1.3"]
[White "Pym, Thomas W"]
[Black "Groombridge, Mike"]
[Result "1-0"]
[WhiteElo "1976"]
[BlackElo "1584"]
[PlyCount "25"]
[EventDate "2003.11.22"]

1. e4 e6 2. d4 d5 3. Nd2 Nf6 4. e5 Nfd7 5. c3 c5 6. f4 Nc6 7. Ndf3 Qb6 8. a3
cxd4 9. cxd4 f6 10. b4 Be7 11. Bd3 Nxd4 12. Nxd4 Qxd4 13. Bg6+ 1-0

[Event "4NCL/Div4/HKF2 vs. AD3"]
[Site "West Bromwich ENG"]
[Date "2003.11.22"]
[Round "1.4"]
[White "Somerfield, Adrian"]
[Black "Forman, Karl L"]
[Result "0-1"]
[WhiteElo "1480"]
[BlackElo "2028"]
[PlyCount "114"]
[EventDate "2003.11.22"]

1. e4 e6 2. d4 d5 3. Nc3 Bb4 4. e5 c5 5. a3 Bxc3+ 6. bxc3 Ne7 7. f4 Nbc6 8. Nf3
Qa5 9. Bd2 Qa4 10. Be3 Nf5 11. Bf2 Bd7 12. g4 Nh6 13. h3 Rc8 14. Bd3 Ne7 15.
O-O cxd4 16. cxd4 Bb5 17. Bxb5+ Qxb5 18. Qd2 Rc4 19. Rfc1 Qc6 20. Rab1 b6 21.
Rb4 Rc3 22. Rb3 Rc4 23. Rb4 f5 24. g5 Nf7 25. Kh2 h6 26. Rb3 hxg5 27. fxg5 f4
28. c3 O-O 29. Qd3 Nf5 30. Qd2 Nh8 31. Qd3 Rc8 32. Qd2 Qa4 33. Qb2 Ng6 34. Rb4
Qc6 35. Rb3 Kf7 36. Qd2 Rh8 37. Qe1 Qa4 38. Rcb1 Qe8 39. Qe2 Rh5 40. Kg2 Qh8
41. Rh1 Ngh4+ 42. Bxh4 Nxh4+ 43. Kg1 Nxf3+ 44. Qxf3 Rxg5+ 45. Kf1 Qh4 46. Rg1
Rxg1+ 47. Kxg1 Qe1+ 48. Kg2 Qd2+ 49. Qf2 Qxf2+ 50. Kxf2 Kg6 51. Ke2 Kh5 52. Kd3
Kh4 53. Rb1 Kxh3 54. Rg1 Rc7 55. Rg6 f3 56. Rg1 Kh2 57. Rg4 Rf7 0-1

[Event "4NCL/Div4/HKF2 vs. AD3"]
[Site "West Bromwich ENG"]
[Date "2003.11.22"]
[Round "1.5"]
[White "Dasaolu, Adeyo"]
[Black "Savin, Mike"]
[Result "1-0"]
[WhiteElo "1920"]
[BlackElo "1424"]
[PlyCount "57"]
[EventDate "2003.11.22"]

1. Nf3 Nf6 2. d4 g6 3. Bg5 Bg7 4. e3 d6 5. c4 O-O 6. Nc3 Nbd7 7. Be2 h6 8. Bh4
c6 9. O-O e5 10. h3 Re8 11. Rc1 g5 12. Bg3 Qe7 13. Re1 Nh5 14. Bh2 e4 15. Nxe4
Qxe4 16. Nd2 Qe7 17. Bxh5 Nf6 18. Bf3 Bf5 19. e4 Bg6 20. e5 dxe5 21. Bxe5 Qd8
22. Qb3 Qd7 23. Rcd1 g4 24. hxg4 Nxg4 25. Bxg7 Kxg7 26. Qc3 Rxe1+ 27. Rxe1 Kf8
28. d5 cxd5 29. Qh8# 1-0

[Event "4NCL/Div4/HKF2 vs. AD3"]
[Site "West Bromwich ENG"]
[Date "2003.11.22"]
[Round "1.6"]
[White "Moore, Kevin J"]
[Black "James, Stephen B"]
[Result "0-1"]
[WhiteElo "1176"]
[BlackElo "1880"]
[PlyCount "46"]
[EventDate "2003.11.22"]

1. e4 e5 2. f4 exf4 3. Nf3 g5 4. h4 g4 5. Ne5 Nf6 6. Nc3 d6 7. Nxf7 Kxf7 8.
Bc4+ Be6 9. Bxe6+ Kxe6 10. d4 Bh6 11. O-O Rg8 12. Bxf4 Bxf4 13. Rxf4 Nbd7 14.
Qf1 c6 15. Qc4+ Ke7 16. Re1 Qb6 17. Nd5+ cxd5 18. exd5+ Kf7 19. Qd3 Rg7 20. Qf5
Kg8 21. Qe6+ Kh8 22. Rxf6 Qxd4+ 23. Kh1 Qxf6 0-1

[Event "4NCL/Div4/MET vs. SXM"]
[Site "West Bromwich ENG"]
[Date "2003.11.22"]
[Round "1.1"]
[White "Dunn, Alan"]
[Black "Prescott, Adam"]
[Result "1/2-1/2"]
[WhiteElo "2095"]
[BlackElo "1712"]
[PlyCount "89"]
[EventDate "2003.11.22"]

1. e4 d6 2. d4 Nf6 3. Nc3 g6 4. f4 Bg7 5. Nf3 c5 6. dxc5 Qa5 7. Bd3 Qxc5 8. Qe2
Bg4 9. Be3 Bxf3 10. Qxf3 Qc8 11. h3 Nc6 12. O-O O-O 13. Rae1 a6 14. Qf2 b5 15.
Qh4 Qc7 16. f5 Ne5 17. a3 Rab8 18. Kh1 Nxd3 19. cxd3 b4 20. axb4 Rxb4 21. fxg6
fxg6 22. Rf2 Qb7 23. Bc1 Qb8 24. Ref1 a5 25. Qg5 Qd8 26. Nd5 Rb8 27. Be3 Kh8
28. Bd4 Rb5 29. Bxf6 exf6 30. Qc1 Rc5 31. Qd2 Rb5 32. d4 Rb7 33. Nf4 Rff7 34.
Ne6 Qb6 35. Nxg7 Kxg7 36. e5 dxe5 37. dxe5 fxe5 38. Rxf7+ Rxf7 39. Rxf7+ Kxf7
40. Qd7+ Kf6 41. Qxh7 Qxb2 42. Qh8+ Kf7 43. Qh7+ Kf6 44. Qh8+ Kf5 45. Qc8+
1/2-1/2

[Event "4NCL/Div4/MET vs. SXM"]
[Site "West Bromwich ENG"]
[Date "2003.11.22"]
[Round "1.2"]
[White "Fraser, Joe"]
[Black "Fogarasi, Norbert"]
[Result "0-1"]
[WhiteElo "1576"]
[BlackElo "2127"]
[PlyCount "52"]
[EventDate "2003.11.22"]

1. e4 c5 2. Nf3 e6 3. d4 cxd4 4. Nxd4 Qb6 5. c4 Bc5 6. Be3 Nc6 7. Nb5 Bxe3 8.
fxe3 Nf6 9. N1c3 O-O 10. Qd2 Ng4 11. Be2 Nxe3 12. Na4 Nxg2+ 13. Kf1 Qe3 14.
Qxe3 Nxe3+ 15. Kf2 Nc2 16. Rad1 f5 17. exf5 Rxf5+ 18. Kg3 Ne3 19. Rd2 d5 20.
Nd6 Rf6 21. Re1 e5 22. Nxc8 Rxc8 23. cxd5 Nd4 24. Nc3 Rcf8 25. Ne4 Rg6+ 26. Kh3
Nxe2 0-1

[Event "4NCL/Div4/MET vs. SXM"]
[Site "West Bromwich ENG"]
[Date "2003.11.22"]
[Round "1.3"]
[White "Calvert, D Ian"]
[Black "Eichner, Daniel"]
[Result "0-1"]
[WhiteElo "2035"]
[BlackElo "1544"]
[PlyCount "50"]
[EventDate "2003.11.22"]

1. b3 e5 2. Bb2 f6 3. e4 Bc5 4. Nf3 Ne7 5. Bc4 Nbc6 6. Nc3 d6 7. h3 Ng6 8. Nd5
Na5 9. Ne3 Nxc4 10. Nxc4 Be6 11. d3 O-O 12. Qd2 f5 13. exf5 Rxf5 14. O-O-O Nh4
15. d4 Nxf3 16. gxf3 exd4 17. Bxd4 Bxd4 18. Qxd4 Qg5+ 19. Kb1 Rxf3 20. Qe4 Qf6
21. Qxb7 Rc8 22. Nd2 Rxf2 23. Ne4 Qf3 24. Qxa7 Re2 25. Nd2 Rxd2 0-1

[Event "4NCL/Div4/MET vs. SXM"]
[Site "West Bromwich ENG"]
[Date "2003.11.22"]
[Round "1.4"]
[White "Richardson, Joe"]
[Black "Djabri, Zafer M"]
[Result "1/2-1/2"]
[WhiteElo "1536"]
[BlackElo "2036"]
[PlyCount "117"]
[EventDate "2003.11.22"]

1. e4 c5 2. c3 Nf6 3. e5 Nd5 4. Nf3 e6 5. d4 cxd4 6. cxd4 d6 7. Bc4 Nc6 8. Bxd5
exd5 9. O-O Be7 10. Nc3 dxe5 11. Nxe5 Nxe5 12. dxe5 Be6 13. Qd3 Qd7 14. Rd1 Rd8
15. Be3 b6 16. Rd2 O-O 17. Rad1 Qc7 18. Qb5 Qxe5 19. Nxd5 Bxd5 20. Rxd5 Bf6 21.
h3 Rxd5 22. Rxd5 Qxb2 23. Qxb2 Bxb2 24. Rd7 Ra8 25. Kf1 Kf8 26. Ke2 Ke8 27. Rb7
Ba3 28. Kd3 Rd8+ 29. Kc4 Rd7 30. Rxd7 Kxd7 31. Kb5 f5 32. f3 Bd6 33. Ka6 Kc6
34. Kxa7 Bc5 35. Bc1 Kd5 36. Kb7 g6 37. Kc7 Kd4 38. Kd7 Kd3 39. Ke6 Ke2 40. Kf7
Kf2 41. Kg7 Kxg2 42. Kxh7 Kxf3 43. Kxg6 f4 44. h4 Kg4 45. Bxf4 Kxf4 46. h5 Ke4
47. h6 Kd3 48. h7 Bd4 49. Kf5 Kc4 50. Ke6 b5 51. Kd6 Kb4 52. Kc6 Ka4 53. Kd6 b4
54. Kd5 Bh8 55. Kc4 Ka3 56. Kc5 Bg7 57. Kc4 Bc3 58. Kb5 Bh8 59. Kc4 1/2-1/2

[Event "4NCL/Div4/MET vs. SXM"]
[Site "West Bromwich ENG"]
[Date "2003.11.22"]
[Round "1.5"]
[White "Dickson, George"]
[Black "Fraser, A Scott"]
[Result "1-0"]
[WhiteElo "1928"]
[BlackElo "1096"]
[PlyCount "73"]
[EventDate "2003.11.22"]

1. d4 d5 2. Nf3 Nf6 3. Bf4 g6 4. h3 Bg7 5. e3 Nbd7 6. Be2 O-O 7. Nbd2 c5 8. c3
Qb6 9. Qb3 c4 10. Qc2 Re8 11. O-O Qc6 12. e4 dxe4 13. Ne5 Nxe5 14. Bxe5 b5 15.
f3 Bb7 16. fxe4 Rad8 17. Bf3 Qb6 18. Kh1 Nd7 19. Bxg7 Kxg7 20. e5 Bxf3 21. Rxf3
Qe6 22. Raf1 f6 23. Ne4 Rf8 24. Qf2 fxe5 25. Ng5 Qg8 26. dxe5 Rxf3 27. Nxf3 Qe6
28. Ng5 Qd5 29. Qf7+ Qxf7 30. Rxf7+ Kh6 31. h4 Kh5 32. Rxh7+ Kg4 33. Kh2 Nxe5
34. Rxe7 Rh8 35. Rxe5 Rxh4+ 36. Nh3 g5 37. Rxg5# 1-0

[Event "4NCL/Div4/MET vs. SXM"]
[Site "West Bromwich ENG"]
[Date "2003.11.22"]
[Round "1.6"]
[White "Fraser, Nick"]
[Black "Murphy, Kieran"]
[Result "0-1"]
[WhiteElo "1064"]
[BlackElo "1696"]
[PlyCount "38"]
[EventDate "2003.11.22"]

1. e4 e6 2. d4 d5 3. e5 c5 4. c3 Nc6 5. Nf3 Qb6 6. Be2 Nh6 7. Na3 cxd4 8. cxd4
Bb4+ 9. Kf1 Nf5 10. Nc2 O-O 11. b3 Bc3 12. Rb1 f6 13. Bb2 Bxb2 14. Rxb2 fxe5
15. dxe5 Qc7 16. Ncd4 Ncxd4 17. Nxd4 Ne3+ 18. Ke1 Nxd1 19. Kxd1 Qxe5 0-1